000 00554nam a2200169 i 4500
001 bg
100 1 _aBOCZAR, Jerzy
245 0 _aModele rozprzestrzeniania i przemian zanieczyszczeń w zbiornikach wodnych z uwzględnieniem prędkości przepływu /
_cJ. Boczar.
260 _aSzczecin,
_c1983.
490 1 _aPrace Naukowe Politechniki Szczecińskiej ;
_vnr 176
830 _aPrace Naukowe Politechniki Szczecińskiej ;
040 _cBPK
041 _apol
080 _a556.5:628.5:532:51
942 _cKS
008 s pl f |000 0 pol
999 _c22038
_d22038
856 _uhttp://koha.tu.koszalin.pl/cgi-bin/koha/opac-detail.pl?biblionumber=22038
_yKatalog online BPK